000 00236nam a22000857a 4500
008 160716b xxu||||| |||| 00| 0 eng d
100 _92941
_a Aneja, P.L
245 _aDeutsch Interssant - II
260 _aNew Delhi
_bIndo Bonn Publication
_c2001
999 _c2506
_d2506